Paris par arrondissement (5eme et 6eme) - Statistiques

Statistiques générales
  • Ce quiz a été pris 89 fois
  • Le résultat moyen est 10 sur 20
Statistiques - réponses
Questions Réponses % Correct
Dans quel arrondissement se trouve le Panthéon ? Vème arrondissement
97%
Dans quel arrondissement se trouve le Muséum d'Histoire Naturelle ? Vème arrondissement
95%
Dans quel arrondissement se trouve la Place de l'Odéon ? VIeme arrondissement
95%
Dans quel arrondissement se trouve le Sénat ? VIème arrondissement
95%
La zone dont on parle se trouve rive droite ou rive gauche ? Rive Gauche
92%
Pouvez vous en citer un des deux plus prestigieux lycées publiques parisiens qui se font pratiquement face autour du Panthéon. ? Louis le Grand et Henri IV
75%
Quelle chanteuse d'origine américaine a récemment (2021) fait son entrée au Panthéon ? Joséphine Baker
66%
Quel établissement scolaire privé dont on a beaucoup entendu parler en 2023-2024 se trouve dans le VIeme arrondissement ? College Stanislas
53%
Quel boulevard traverse ces 2 arrondissements de part en part ? le boulevard Saint-Germain
52%
l'École Normale Sup est parfois appelé du nom de la rue dans laquelle elle se trouve. Quelle est cette rue ? la rue d'Ulm
48%
Quel est le surnom du quartier étudiant, théatre des événements de Mai 68 ? le Quartier Latin
48%
Comment s'appellent les vestiges Gallo-romain vers la rue Monge ? les Arènes de Lutèce
44%
Quel batiment se trouve au bout du Pont des Arts ? l'Institut de France
39%
Qu'est ce que l"'IMA" ? l'Institut du Monde Arabe
38%
Comment s'appelle l'hopital militaire où ont notamment été soignés François Mitterrand, Yasser Arafat, Abdelaziz Bouteflika ou encore l’Abbé Pierre ? le Val de Grace
25%
Quel palace a servi de QG au contre espionnage Nazi dans le Paris occupé ? Le Lutetia
24%
Comment s'appelle la rue réputée comme étant la plus étroite de Paris ? Rue du Chat qui pêche
20%
Dans quelle rue habitait Serge Gainsbourg ? rue de Verneuil
19%
Comment s'appelle la fameuse brasserie, lieu de rencontre artistique entre la fin du XIXeme et le début du XXème siècle ? la Closerie des Lilas
6%
Connaissez vous la plus vieille église de Paris ? l'Église St Julien le Pauvre
5%
Aucun quiz correspondant
Distribution des résultats
% des personnes avec chaque résultat
Percentile par nombre de réponses
Votre historique - résultats
Vous n’avez pas pris ce quiz